| 000 | 01742nam0a2200373 4500 | ||
|---|---|---|---|
| 001 | RU\NLR\BIBL_A\011714150 | ||
| 005 | 20180907151420.0 | ||
| 010 |
_a978-5-6040241-3-3 _9200 |
||
| 021 |
_aRU _bКН-П-18-031954 _9КН-П-18-2327 |
||
| 035 | _a(NLR Aleph) 011714150 | ||
| 035 | _a(RuMoRGB)009621344 | ||
| 090 |
_a11448844 _c11448844 |
||
| 100 | _a20180528d2017 k y0rusy50 ca | ||
| 101 | 0 | _arus | |
| 102 | _aRU | ||
| 105 | _aa z 0 y | ||
| 200 | 1 |
_aИзбранные труды _eSelected works _fБ. Р. Стриганова _g[отв. ред.: А.В. Уваров] _gИнститут проблем экологии и эволюции им. А. Н. Северцова Российской академии наук _zeng |
|
| 210 |
_aМосква _cТоварищество научных изданий КМК _d2017 |
||
| 215 |
_a326 с. _cил., табл. _d24 |
||
| 300 | _aАвт. также на англ. яз.: B.R. Striganova | ||
| 320 | _aБиблиогр.: с. 311-326 и в тексте | ||
| 510 | 1 |
_6z45790 _aSelected works _zeng |
|
| 600 | 1 |
_aСтриганова _bБ.Р. _gБелла Рафаиловна _f1932 - 2017 _2nlr_sh2 _3RU\NLR\AUTH\6601640442 |
|
| 606 | 1 |
_aПочвенная фауна _2nlr_sh1 _2nlr_sh2 _3RU\NLR\AUTH\66346851 |
|
| 686 | 1 | _aП03д(2)Стриганова | |
| 686 | 1 | _aП032.5я44 | |
| 700 | 1 |
_aСтриганова _bБ. Р. _f1932-2017 _gБелла Рафаиловна _3RU\NLR\AUTH\770193626 |
|
| 702 | 1 |
_aУваров _bА. В. _gАлексей Вячеславович _4340 |
|
| 790 | 1 |
_6z45510 _aStriganova _bB. R. _f1932-2017 _gBella Rafailovna _3RU\NLR\AUTH\770193628 |
|
| 942 | _cBOOK | ||
| 980 | _aNBR | ||
| 980 | _aNB | ||